000 00497nam a22001697a 4500
003 OSt
005 20230301130947.0
008 190522b xxu||||| |||| 00| 0 eng d
040 _clado v
082 _a779
_bP438e
100 _aPƩrez, Nora
_9769
_eautor
245 _aSeminario de investigación/
_bEmisor y Receptor/
260 _aGuatemala
_bYaxs
_c2017
300 _a12p.
_btrae dos afiches
_c13x20cm
700 _aDe Leon, Jorge
_eautor
942 _2ddc
_c1
_h779
_iP438e
_n0
999 _c3104
_d3104